000 01403naa a22003497a 4500
001 BR6007123
003 BR-BrBNA
005 20250709164604.0
007 ta
008 250630b bl.|||m| |||| 00| 0 por d
040 _aBR-BrBNA
_bpor
_cBiblioteca Nacional de Agricultura
041 _a(Pt)
072 _aH60
_b0332
_b3876
090 _aH60 BR6007123
100 1 _aAlves, A.
100 1 _aStripecke, W.
100 1 _aOliveira, V.G.
100 1 _aPetinelli, A.
100 1 _aForster, R.
100 1 _aTorres, S.
111 1 _a4. Seminario Brasileiro de Herbicidas e Ervas Daninhas; 1. Reuniao Latinoamericana de Luta Contra as Ervas Mas
_cItaguai, RJ (Brazil)
_d3 Jul 1962
245 1 _aEfeito do herbicida tillan na cultura do amendoim
500 _aAnais do 4. Seminario Brasileiro de Herbicidas e Ervas Daninhas e 1. Reuniao Latinoamericana de Luta Contra as Ervas Mas Itaguai, RJ (Brasil): 1962. p. 95-103 (BR6007123-AMS)
773 0 _tAnais do 4. Seminario Brasileiro de Herbicidas e Ervas Daninhas e 1. Reuniao Latinoamericana de Luta Contra as Ervas Mas
_wH60 BR6007123
_gItaguai, RJ (Brasil), 1962. p. 95-103
650 _aERVA DANINHA
650 _aAMENDOIM
650 _aHERBICIDA
650 _aCONTROLE QUIMICO
490 _aBoletim - Instituto de Ecologia e Experimentacao Agricolas (Brazil)
_vno. 23
942 _cAMS
_2AGRIS
909 _a202506
_bLúcia
_c55
_dLúcia Elande
999 _c332556
_d332556